Denmark: an official handbook
Guardat en:
| Autor corporatiu: | |
|---|---|
| Format: | Llibre |
| Idioma: | anglès |
| Publicat: |
Copenhague
Krak
1970
|
| Edició: | 1a. ed |
| Matèries: | |
| Etiquetes: |
Afegir etiqueta
Sense etiquetes, Sigues el primer a etiquetar aquest registre!
|
MARC
| LEADER | 00000cam a2200000 a 4500 | ||
|---|---|---|---|
| 001 | UCD4090 | ||
| 003 | CL-VaPUC | ||
| 008 | 160623e19700000dk |||||||||||||||||eng|d | ||
| 020 | |a 8772250119 | ||
| 082 | 0 | 4 | |a 948.9 |b PRE |2 21 |
| 110 | 2 | |a Press and Information Department Royal Danish Ministry of Foreign Affairs Christiansborg Palace |e author |9 587699 | |
| 245 | 1 | 0 | |a Denmark: an official handbook |
| 250 | |a 1a. ed | ||
| 300 | |a 806 p | ||
| 942 | |c BK | ||
| 945 | |d 20160623 20:48:00 |a arojas | ||
| 260 | |a Copenhague |b Krak |c 1970 | ||
| 650 | 7 | |a HISTORIA DE DINAMARCA |2 CL-VaPUC |9 445105 | |
| 650 | 0 | |a Historia constitucional |9 256052 | |
| 650 | 7 | |a GOBIERNO Y ADMINISTRACION |2 CL-VaPUC |9 258649 | |
| 650 | 0 | |a Geografía |9 259346 | |
| 650 | 0 | |a Relaciones Internacionales |9 255740 | |
| 651 | 7 | |a DINAMARCA |2 CL-VaPUC |9 315123 | |
| 583 | |a last modification |c 20160623 20:48:00 |k Rodrigo Vera | ||
| 999 | |c 365036 |d 365034 | ||
| 952 | |0 0 |1 0 |3 erd |4 0 |6 948_900000000000000_PRE_1970 |7 0 |8 A |9 478732 |a FDOHBE |b FDOHBE |e Huesbe Llanos, Marco Antonio, 1934- |i 5334373 |o 948.9 PRE 1970 |p 5334373 |r 2024-01-30 |w 2019-11-24 |y BK |z Catalogado en:20160623 |k HBE | ||